00782nam a2200217 a 450000100100000000500170001000800410002704000250006808200170009310000380011024500770014826000350022530000210026049000480028150000330032950000740036265000240043665000260046074000270048683000510051300002003520200929170235.0100713s1966 sp 001 e spa d aDO-SdBNPbspacBNPHU a864.4bJ869e1 aJovellanos, Gaspar de,d1744-181110aEspectáculos y diversiones públicas /cGaspar Melchor de Jovellanos. aMadrid :bEspasa-Calpe,c1966. a144 p. ;c18 cm.1 aAustral. Verde: ensayos y filosofíav1367 aIncluye índice de autores. aIncluye referencias bibliográficas y notas al pie de las páginas. 4aEnsayos españoles 4aLiteratura española3 aEl castillo de Bellver 0aAustral.pVerde: Ensayos y filosofía ;v1367